header

Daily life in Elizabethan England / (Record no. 266167)

MARC details
000 -LEADER
fixed length control field 01279cam a2200349 a 4500
001 - CONTROL NUMBER
control field 3031793
003 - CONTROL NUMBER IDENTIFIER
control field OSt
005 - DATE AND TIME OF LATEST TRANSACTION
control field 20260413125244.0
008 - FIXED-LENGTH DATA ELEMENTS--GENERAL INFORMATION
fixed length control field 950112s1995 ctua b 001 0 eng
010 ## - LIBRARY OF CONGRESS CONTROL NUMBER
LC control number 95003807
020 ## - INTERNATIONAL STANDARD BOOK NUMBER
International Standard Book Number 031329335X
Qualifying information alk. paper
035 ## - SYSTEM CONTROL NUMBER
System control number 3031793
040 ## - CATALOGING SOURCE
Original cataloging agency DLC
Transcribing agency DLC
Modifying agency DLC
043 ## - GEOGRAPHIC AREA CODE
Geographic area code e-uk-en
-- e-uk---
050 00 - LIBRARY OF CONGRESS CALL NUMBER
Classification number DA320
Item number .S56 1995
082 00 - DEWEY DECIMAL CLASSIFICATION NUMBER
Classification number 942.05/5
Edition number 20
100 1# - MAIN ENTRY--PERSONAL NAME
Personal name Forgeng, Jeffrey L.
245 10 - TITLE STATEMENT
Title Daily life in Elizabethan England /
Statement of responsibility, etc Jeffrey L. Singman.
260 ## - PUBLICATION, DISTRIBUTION, ETC. (IMPRINT)
Place of publication, distribution, etc Westport, Conn. :
Name of publisher, distributor, etc Greenwood Press,
Date of publication, distribution, etc 1995.
300 ## - PHYSICAL DESCRIPTION
Extent xi, 227 p. :
Other physical details ill. ;
Dimensions 24 cm.
336 ## - CONTENT TYPE
Content type term text
Content type code txt
Source rdacontent
337 ## - MEDIA TYPE
Media type term unmediated
Media type code n
Source rdamedia
338 ## - CARRIER TYPE
Carrier type term volume
Carrier type code nc
Source rdacarrier
440 #0 - SERIES STATEMENT/ADDED ENTRY--TITLE
Title Greenwood Press "Daily life through history" series,
International Standard Serial Number 1080-4749
504 ## - BIBLIOGRAPHY, ETC. NOTE
Bibliography, etc Includes bibliographical references (p. [215]-220) and index.
651 #0 - SUBJECT ADDED ENTRY--GEOGRAPHIC NAME
Geographic name England
General subdivision Social life and customs
Chronological subdivision 16th century.
Geographic name Great Britain
General subdivision History
Chronological subdivision Elizabeth, 1558-1603.
906 ## - LOCAL DATA ELEMENT F, LDF (RLIN)
a 7
b cbc
c orignew
d 1
e ocip
f 19
g y-gencatlg
942 ## - ADDED ENTRY ELEMENTS (KOHA)
Source of classification or shelving scheme Library of Congress Classification
Koha item type Long Loan Books
Holdings
Withdrawn status Lost status Source of classification or shelving scheme Damaged status Not for loan Collection code Home library Current library Shelving location Date acquired Source of acquisition Total Checkouts Full call number Barcode Date last seen Price effective from Koha item type
    Library of Congress Classification     Non-fiction Rongo University Library Rongo University Library General Stacks 13/04/2026 Books for Africa, Donation   DA320 .S56 1995 20261638 13/04/2026 13/04/2026 Long Loan Books

© 2026 Rongo University
Contact us: librarian | system librarian | Rongo university